000 00491nam a22001097a 4500
008 160425b xxu||||| |||| 00| 0 eng d
100 _aKing-Farlow, R.
245 _aGreenland postmarks since 1938
260 _a[Oak Park? IL]
_bThe Posthorn, Scandinavian Collectors Club
_c1960
650 _aGreenland | Postal Markings | 1938-1960 | Postal Stations | Postal Agencies | Post Offices | Postal History | 20th Century | Royal Greenland Trade Department. Denmark | Copenhagen
700 _aWowern, Eric
999 _c1939
_d1939